Výchova k manželstvu a rodičovstvu = Education for marriage and parenthood : Diplomová práca

Gespeichert in:
Bibliographische Detailangaben
1. Verfasser: Ježíková, Anna (Verfasst von)
Weitere Verfasser: Černáková, Eleonóra, 1- (xxx)
Format: Manuskript Buch
Sprache:Slowakisch
Veröffentlicht: Trnava : STU v Bratislave MTF UIPH, 2009
Schlagworte:
Tags: Tag hinzufügen
Keine Tags, Fügen Sie das erste Tag hinzu!

MARC

LEADER 00000ntm a22000003a 4500
001 stu198830
005 20160719160017.9
008 100122s2009----xo------------------slo-d
040 |a STU  |b slo 
041 0 |a slo 
044 |a xo 
100 1 |a Ježíková, Anna  |4 aut 
245 1 |a Výchova k manželstvu a rodičovstvu = Education for marriage and parenthood :  |b Diplomová práca 
260 |a Trnava :  |b STU v Bratislave MTF UIPH,  |c 2009 
300 |a 66 s  |c Prílohy + 1 CD-ROM 
500 |a Študijný program: učiteľstvo technických profesijných predmetov 
500 |a Študijný odbor: 1.1.2 učiteľstvo profesijných predmetov a praktickej prípravy 
650 7 |a rodina  |2 stusub 
650 7 |a manželstvo  |2 stusub 
650 7 |a rodičovstvo  |2 stusub 
700 1 |a Černáková, Eleonóra,  |d 1-  |4 xxx  |X 61769  |7 A000061769 
996 |b 284M077812  |c M*DP-8839  |l MMSKP  |s P  |a 0  |w stu198830_0001